Statistics for 10 Most Efficient Seasons by a 30 PPG Scorer

Click here to take the quiz!

General Stats

  • This quiz has been taken 23 times
  • The average score is 9 of 11

Answer Stats

RankEfficiencyPPGTeamSeasonPlayer% Correct
2.+12.8%30.1GSW2016Steph Curry
100%
6.+9.4%32.0OKL2014Kevin Durant
95%
4.+10.6%31.7MIL1971Kareem Abdul-Jabbar
89%
5.+9.9%34.8MIL1972Kareem Abdul-Jabbar
89%
7.+9.3%31.0LAL1965Jerry West
84%
9.+9.1%31.4CIN1963Oscar Robertson
79%
10.+9%30.5CIN1967Oscar Robertson
79%
1.+13%30.7UTA1983Adrian Dantley
74%
3.+10.9%30.6UTA1984Adrian Dantley
74%
8.+9.2%30.3UTA1982Adrian Dantley
74%
9.+9.1%30.6BUF1974Bob McAdoo
68%

Score Distribution

Percentile by Number Answered

Percent of People with Each Score

Your Score History

You have not taken this quiz